[Event "Pan American Intercollegiate-chT"]
[Site "Charlotte"]
[Date "2025.01.04"]
[Round "4.27"]
[White "Andersen, Gunnar James"]
[Black "Platnick, Elijah"]
[Result "1-0"]
[WhiteElo "2215"]
[BlackElo "2004"]
[PlyCount "45"]
[EventDate "2025.01.02"]
[EventType "team-swiss"]
[EventRounds "6"]
[EventCountry "USA"]
[SourceTitle "CB02_2025"]
[SourceDate "2025.01.08"]
[SourceVersion "1"]
[SourceVersionDate "2025.01.08"]
[SourceQuality "1"]
[WhiteTeam "Maryland BC Univ"]
[BlackTeam "North West Univ"]
[WhiteTeamCountry "USA"]
[BlackTeamCountry "USA"]

1. d4 Nf6 2. Nc3 d5 3. Bf4 c5 4. e4 dxe4 5. dxc5 Qxd1+ 6. Rxd1 Bd7 7. f3 exf3 8. Nxf3 Nc6 9. Bc4 Rc8 10. Nb5 a6 11. Nc7+ Kd8 12. Nd5 Nxd5 13. Bxd5 Ke8 14. Bxf7+ Kxf7 15. Rxd7 Nb4 16. a3 Ke6 17. Rxb7 Nd5 18. Ng5+ Kf5 19. Bd2 e5 20. Rf1+ Kg6 21. Nf7 Rg8 22. Nxe5+ Kh5 23. Rf5+ 1-0